00378cam a22001337a 4500008003600000082001400036100002400050245005400074260002700128300000900155440004700164650001300211650002000224180718b xxu||||| |||| 00| 0 eng d aZ211 K897 aKrishnamurthy, K.H. aIsabgol, gokhru and brahmicby K.H. Krishnamurthy aDelhibBooks For Allc a91p. aHealth series: traditional family medicine aMedicine aFamily medicine